Historia medieval de España / (Record no. 108963)

MARC details
000 -LEADER
campo de control de longitud fija 00821nam a2200205 4500
001 - NÚMERO DE CONTROL
campo de control 108963
003 - IDENTIFICADOR DE NÚMERO DE CONTROL
campo de control ES-MaACL
005 - FECHA Y HORA DE LA ÚLTIMA TRANSACCIÓN
campo de control 20230906184741.0
007 - CAMPO FIJO DE DESCRIPCIÓN FÍSICA--INFORMACIÓN GENERAL
campo de control de longitud fija t|
008 - DATOS DE LONGITUD FIJA--INFORMACIÓN GENERAL
campo de control de longitud fija 061121s1977 sp r ||||1| spa d
100 1# - ENTRADA PRINCIPAL--NOMBRE DE PERSONA
Nombre de persona Moxó y Ortiz de Villajos, Salvador de.
9 (RLIN) 83946
245 10 - MENCIÓN DEL TÍTULO
Título Historia medieval de España /
Mención de responsabilidad, etc. preparada por... Salvador de Moxó y Ortiz de Villajos... Julián Donado Vara... [José Ignacio Moreno Núñez].
260 ## - PUBLICACIÓN, DISTRIBUCIÓN, ETC.
Lugar de publicación, distribución, etc. Madrid :
Nombre del editor, distribuidor, etc. Universidad Nacional de Educación a Distancia, Ministerio de Educación y Ciencia,
Fecha de publicación, distribución, etc. 1977.
300 ## - DESCRIPCIÓN FÍSICA
Extensión 1v. ;
Dimensiones 30 cm.
500 ## - NOTA GENERAL
Nota general Son 6 tomos en un volumen.
651 #4 - PUNTO DE ACCESO ADICIONAL DE MATERIA--NOMBRE GEOGRÁFICO
Nombre geográfico España-
Subdivisión general Historia-
Subdivisión cronológica 0414-1474, Edad media.
9 (RLIN) 8214
700 1# - ENTRADA AGREGADA--NOMBRE PERSONAL
Nombre de persona Donado Vara, Julián.
9 (RLIN) 45275
700 1# - ENTRADA AGREGADA--NOMBRE PERSONAL
Nombre de persona Moreno Núñez, José Ignacio.
9 (RLIN) 83418
852 ## - LOCALIZACIÓN
Ubicación ES-MaACL
Número de control de estantería L-2644
Sublocalización o colección R.103634
Holdings
Estatus retirado Estado de pérdida Estado de daño No para préstamo Biblioteca de origen Biblioteca actual Ubicación en estantería Fecha de adquisición Fuente de adquisición Total de préstamos Signatura topográfica completa Código de barras Visto por última vez Precio de reemplazo Tipo de ítem Koha
        Biblioteca del Ateneo de Madrid Biblioteca del Ateneo de Madrid Depósito 2 17/01/2008     L-2644 1113697 23/02/2023 23/02/2023 Libro impreso